Groups of Things-Stardew Valley - Statistics

General Stats
  • This quiz has been taken 49 times
  • The average score is 17 of 28
Answer Stats
Hint Answer % Correct
Fishing
90%
Apple
88%
Farming
88%
Mining
85%
Diamond
83%
Foraging
80%
Cherry
76%
Ruby
76%
Emerald
73%
Amethyst
71%
Omni Geode
71%
Geode
68%
Orange
68%
Frozen Geode
66%
Peach
66%
Combat
63%
Magma Geode
63%
Apricot
59%
Topaz
59%
Legend
56%
Angler
41%
Aquamarine
41%
Pomegranate
41%
Mutant Carp
39%
Legendary Fish Glacierfish
37%
Crimsonfish
32%
Prismatic Shard
29%
Jade
24%
No matching quizzes found
Score Distribution
Percent of People with Each Score
Percentile by Number Answered
Your Score History
You have not taken this quiz